000 00823nam a2200253 a 4500
999 _c12587
_d12587
001 12587
003 BD-JhCC
005 20220917104359.0
008 220917s20082018bg |||| ||a| 000 0 b d
020 _a9847012002335
035 _a(BD-JhCC)12587
040 _aBD-JhCC
_dBD-JhCC
041 _aben
082 _a923
_bCHO 2018
100 _aচৌধুরী, চন্দন
245 _aবীরশ্রেষ্ঠ /
_cচন্দন চৌধুরী
260 _aঢাকা :
_bকথাপ্রকাশ;
_c২০১৮.
300 _a৫৮ পৃ. :
_c২১ সেমি..
490 _aজীবনী গ্রন্থমালা
504 _aগ্রন্থপঞ্জি অর্ন্তভূক্ত।
651 _aBiography of Martyrs
942 _2ddc
_cBK